<?xml version="1.0" encoding="UTF-8"?>
<record
    xmlns:xsi="http://www.w3.org/2001/XMLSchema-instance"
    xsi:schemaLocation="http://www.loc.gov/MARC21/slim http://www.loc.gov/standards/marcxml/schema/MARC21slim.xsd"
    xmlns="http://www.loc.gov/MARC21/slim">

  <leader>01043nam a2200241Ia 4500</leader>
  <controlfield tag="003">SEM</controlfield>
  <controlfield tag="005">20250620102114.0</controlfield>
  <controlfield tag="008">141116s1969    ai ||||gr||||||01|||arm|d</controlfield>
  <datafield tag="040" ind1=" " ind2=" ">
    <subfield code="a">SEM</subfield>
    <subfield code="c">SEM</subfield>
  </datafield>
  <datafield tag="041" ind1=" " ind2=" ">
    <subfield code="a">arm</subfield>
    <subfield code="h">rus</subfield>
  </datafield>
  <datafield tag="080" ind1=" " ind2=" ">
    <subfield code="a">947.085/&#x54E;-53</subfield>
  </datafield>
  <datafield tag="100" ind1=" " ind2=" ">
    <subfield code="a">&#x54E;&#x565;&#x580;&#x57F;, &#x531;&#x56C;&#x565;&#x584;&#x57D;&#x561;&#x576;&#x564;&#x580;</subfield>
    <subfield code="d">(1901-1969)</subfield>
  </datafield>
  <datafield tag="245" ind1=" " ind2=" ">
    <subfield code="a">&#x54C;&#x578;&#x582;&#x57D;&#x561;&#x57D;&#x57F;&#x561;&#x576;&#x568; 1941-1945 &#x569;&#x57E;&#x561;&#x56F;&#x561;&#x576;&#x576;&#x565;&#x580;&#x56B; &#x57A;&#x561;&#x57F;&#x565;&#x580;&#x561;&#x566;&#x574;&#x578;&#x582;&#x574; /</subfield>
    <subfield code="c">&#x531;. &#x54E;&#x565;&#x580;&#x57F; ; &#x539;&#x561;&#x580;&#x563;&#x574;.&#x55D; &#x54D;. &#x54D;. &#x531;&#x57E;&#x565;&#x57F;&#x56B;&#x57D;&#x575;&#x561;&#x576; ; &#x540;. &#x540;. &#x54B;&#x561;&#x572;&#x565;&#x569;&#x575;&#x561;&#x576; ; &#x531;. &#x546;. &#x54D;&#x561;&#x580;&#x563;&#x57D;&#x575;&#x561;&#x576; ; &#x53D;&#x574;&#x562;.&#x55D; &#x532;. &#x532;. &#x542;&#x578;&#x582;&#x56F;&#x561;&#x57D;&#x575;&#x561;&#x576;</subfield>
  </datafield>
  <datafield tag="260" ind1=" " ind2=" ">
    <subfield code="a">&#x535;&#x580;&#x587;&#x561;&#x576; :</subfield>
    <subfield code="b">&#xAB;&#x540;&#x561;&#x575;&#x561;&#x57D;&#x57F;&#x561;&#x576;&#xBB;,</subfield>
    <subfield code="c">1969.</subfield>
  </datafield>
  <datafield tag="300" ind1=" " ind2=" ">
    <subfield code="a">979 &#x567;&#x57B; ;</subfield>
    <subfield code="c">21 &#x57D;&#x574;</subfield>
  </datafield>
  <datafield tag="650" ind1=" " ind2=" ">
    <subfield code="a">&#x540;&#x561;&#x575;&#x580;&#x565;&#x576;&#x561;&#x56F;&#x561;&#x576; &#x574;&#x565;&#x56E; &#x57A;&#x561;&#x57F;&#x565;&#x580;&#x561;&#x566;&#x574;</subfield>
    <subfield code="x">&#x54D;&#x578;&#x57E;&#x565;&#x57F;&#x561;&#x56F;&#x561;&#x576; &#x574;&#x56B;&#x578;&#x582;&#x569;&#x575;&#x578;&#x582;&#x576;</subfield>
    <subfield code="z">&#x54C;&#x578;&#x582;&#x57D;&#x561;&#x57D;&#x57F;&#x561;&#x576;</subfield>
  </datafield>
  <datafield tag="653" ind1=" " ind2=" ">
    <subfield code="a">&#x54D;&#x537;&#x544;</subfield>
  </datafield>
  <datafield tag="700" ind1=" " ind2=" ">
    <subfield code="a">&#x531;&#x57E;&#x565;&#x57F;&#x56B;&#x57D;&#x575;&#x561;&#x576;, &#x54D;. &#x54D;. </subfield>
    <subfield code="e">&#x569;&#x561;&#x580;&#x563;&#x574;.</subfield>
    <subfield code="4">trl.</subfield>
  </datafield>
  <datafield tag="700" ind1=" " ind2=" ">
    <subfield code="a">&#x54B;&#x561;&#x572;&#x565;&#x569;&#x575;&#x561;&#x576;, &#x540;. &#x540;. </subfield>
    <subfield code="e">&#x569;&#x561;&#x580;&#x563;&#x574;.</subfield>
    <subfield code="4">trl.</subfield>
  </datafield>
  <datafield tag="700" ind1=" " ind2=" ">
    <subfield code="a">&#x54D;&#x561;&#x580;&#x563;&#x57D;&#x575;&#x561;&#x576;, &#x531;. &#x546;. </subfield>
    <subfield code="e">&#x569;&#x561;&#x580;&#x563;&#x574;.</subfield>
    <subfield code="4">trl.</subfield>
  </datafield>
  <datafield tag="700" ind1=" " ind2=" ">
    <subfield code="a">&#x542;&#x578;&#x582;&#x56F;&#x561;&#x57D;&#x575;&#x561;&#x576;, &#x532;. &#x532;.</subfield>
    <subfield code="e">&#x56D;&#x574;&#x562;.</subfield>
    <subfield code="4">edt.</subfield>
  </datafield>
  <datafield tag="942" ind1=" " ind2=" ">
    <subfield code="2">udc</subfield>
    <subfield code="c">BK</subfield>
  </datafield>
  <datafield tag="999" ind1=" " ind2=" ">
    <subfield code="c">47802</subfield>
    <subfield code="d">47802</subfield>
  </datafield>
  <datafield tag="952" ind1=" " ind2=" ">
    <subfield code="0">0</subfield>
    <subfield code="1">0</subfield>
    <subfield code="2">udc</subfield>
    <subfield code="4">0</subfield>
    <subfield code="7">0</subfield>
    <subfield code="8">&#x533;&#x580;&#x561;&#x57A;&#x561;&#x570;&#x578;&#x581;</subfield>
    <subfield code="a">SEM</subfield>
    <subfield code="b">SEM</subfield>
    <subfield code="d">2014-11-16</subfield>
    <subfield code="g">1000.00</subfield>
    <subfield code="i">14260</subfield>
    <subfield code="l">0</subfield>
    <subfield code="o">947.085/&#x54E;-53</subfield>
    <subfield code="p">14260</subfield>
    <subfield code="r">2014-11-16</subfield>
    <subfield code="w">2014-11-16</subfield>
    <subfield code="y">BK</subfield>
    <subfield code="z">&#x54D;&#x57A;&#x561;&#x57D;&#x561;&#x580;&#x56F;&#x57E;&#x578;&#x582;&#x574; &#x567; &#x568;&#x576;&#x569;&#x565;&#x580;&#x581;&#x561;&#x57D;&#x580;&#x561;&#x570;</subfield>
  </datafield>
  <datafield tag="952" ind1=" " ind2=" ">
    <subfield code="0">0</subfield>
    <subfield code="1">0</subfield>
    <subfield code="2">udc</subfield>
    <subfield code="4">0</subfield>
    <subfield code="7">0</subfield>
    <subfield code="8">&#x533;&#x580;&#x561;&#x57A;&#x561;&#x570;&#x578;&#x581;</subfield>
    <subfield code="a">SEM</subfield>
    <subfield code="b">SEM</subfield>
    <subfield code="d">2025-06-18</subfield>
    <subfield code="g">1000.00</subfield>
    <subfield code="i">36189</subfield>
    <subfield code="l">0</subfield>
    <subfield code="o">947.085/&#x54E;-53</subfield>
    <subfield code="p">36189</subfield>
    <subfield code="r">2025-06-18</subfield>
    <subfield code="w">2025-06-18</subfield>
    <subfield code="y">BK</subfield>
    <subfield code="z">&#x54D;&#x57A;&#x561;&#x57D;&#x561;&#x580;&#x56F;&#x57E;&#x578;&#x582;&#x574; &#x567; 30 &#x585;&#x580;</subfield>
  </datafield>
</record>
